[Event "Titled Tuesday intern op 5th Jan"]
[Site "Chess.com INT"]
[Date "2016.01.05"]
[Round "8"]
[White "Maidel, Anton"]
[Black "Getz, Alec S"]
[Result "1-0"]
[WhiteElo "2347"]
[BlackElo "2266"]
[PlyCount "65"]
[EventDate "2016.01.05"]
[EventType "swiss (blitz)"]
[EventRounds "9"]
[EventCountry "USA"]
[SourceTitle "EXT 2021"]
[Source "ChessBase"]
[SourceDate "2020.10.23"]
[SourceVersion "1"]
[SourceVersionDate "2020.10.23"]
[SourceQuality "1"]

1. e4 e5 2. Nf3 Nc6 3. Nc3 Nf6 4. g3 Bc5 5. Bg2 d6 6. h3 Be6 7. 0-0 Qd7 8. Ng5 Nd4 9. d3 h6 10. Nxe6 fxe6 11. Ne2 0-0 12. Nxd4 Bxd4 13. c3 Bb6 14. Qe2 Rf7 15. Be3 Raf8 16. d4 exd4 17. cxd4 d5 18. e5 Ne4 19. Qc2 Qb5 20. b3 c6 21. Bxe4 dxe4 22. Qxe4 Rd8 23. Rfe1 Qb4 24. Red1 Rfd7 25. Qg4 Qe7 26. Bxh6 Bxd4 27. Bg5 Qf7 28. Bxd8 Qxf2+ 29. Kh1 Rxd8 30. Qxe6+ Kh8 31. Qg4 Rd5 32. Rf1 Qe2 33. Qxe2 1-0

[Event "Titled Tuesday intern op 5th Jan"]
[Site "Chess.com INT"]
[Date "2016.01.05"]
[Round "9"]
[White "Shirazi, Kamran"]
[Black "Getz, Alec S"]
[Result "0-1"]
[WhiteElo "2372"]
[BlackElo "2266"]
[PlyCount "170"]
[EventDate "2016.01.05"]
[EventType "swiss (blitz)"]
[EventRounds "9"]
[EventCountry "USA"]
[SourceTitle "EXT 2021"]
[Source "ChessBase"]
[SourceDate "2020.10.23"]
[SourceVersion "1"]
[SourceVersionDate "2020.10.23"]
[SourceQuality "1"]

1. e3 e5 2. Ne2 d5 3. d4 Nc6 4. dxe5 Nxe5 5. Nd2 Nf6 6. Nf3 Nxf3+ 7. gxf3 g6 8. Bg2 Bg7 9. c4 0-0 10. cxd5 Nxd5 11. h4 Be6 12. a3 c6 13. h5 Qb6 14. hxg6 fxg6 15. Nd4 Bxd4 16. Qxd4 Qxd4 17. exd4 Nf4 18. Bf1 Bd5 19. Rh4 Rae8+ 20. Be3 Bxf3 21. Kd2 g5 22. Rh2 Kg7 23. Bc4 h6 24. Rg1 Bd5 25. Bf1 Ng6 26. Bd3 Be4 27. Bc4 b5 28. Be2 a6 29. Kc3 Ne7 30. Kb4 Nd5+ 31. Ka5 Bg6 32. Rg3 Rf6 33. Bd1 Rfe6 34. Bb3 Re4 35. Kxa6 Nxe3 36. fxe3 Rxe3 37. Rhh3 Rxg3 38. Rxg3 Re2 39. Kb6 Rxb2 40. Kxc6 h5 41. Bd1 Kh6 42. Re3 Rd2 43. Be2 Rxd4 44. Bxb5 h4 45. Re6 Kg7 46. a4 h3 47. a5 h2 48. Re1 Rh4 49. a6 h1Q+ 50. Rxh1 Be4+ 51. Kb6 Bxh1 52. a7 Rb4 53. Ka5 Rxb5+ 54. Kxb5 Kf6 55. Kc5 Ke5 56. Kc4 Kf4 57. Kd3 Bf3 58. Kd2 g4 59. Ke1 Ke5 60. Kf2 Kf4 61. Kg1 Kg3 62. Kf1 Kh2 63. Kf2 Ba8 64. Ke3 g3 65. Kf4 g2 66. Ke5 g1Q 67. Kd6 Qxa7 68. Ke5 Qc7+ 69. Kd4 Qd6+ 70. Ke3 Qe5+ 71. Kf2 Qf4+ 72. Ke2 Bf3+ 73. Kd3 Qe4+ 74. Kc3 Kg3 75. Kd2 Kf2 76. Kc3 Ke3 77. Kb3 Kd3 78. Kb2 Qb4+ 79. Kc1 Qc3+ 80. Kb1 Qe1+ 81. Kb2 Bd5 82. Ka3 Qa5+ 83. Kb2 Qc3+ 84. Kb1 Qb3+ 85. Ka1 Qa2# 0-1

[Event "Richardson UTD Fall op"]
[Site "Richardson"]
[Date "2014.11.23"]
[Round "4"]
[White "Getz, Alec S"]
[Black "Gurevich, Daniel"]
[Result "0-1"]
[WhiteElo "2309"]
[BlackElo "2326"]
[PlyCount "66"]
[EventDate "2014.11.21"]
[EventType "swiss"]
[EventRounds "9"]
[EventCountry "USA"]
[SourceTitle "CBM 163 Extra"]
[Source "ChessBase"]
[SourceDate "2014.12.23"]
[SourceVersion "1"]
[SourceVersionDate "2014.12.23"]
[SourceQuality "1"]

1. e4 c5 2. Nc3 Nc6 3. g3 g6 4. Bg2 Bg7 5. d3 d6 6. Be3 Rb8 7. Nge2 e5 8. Nd5 Nge7 9. c3 0-0 10. 0-0 Nxd5 11. exd5 Ne7 12. a3 Nf5 13. Bd2 Bd7 14. b4 b6 15. Qb3 Qc7 16. Rfc1 Rfe8 17. Rab1 h5 18. b5 h4 19. Qc4 h3 20. Bh1 Qd8 21. a4 Bh6 22. Bxh6 Nxh6 23. Rc2 f5 24. Nc1 Qg5 25. Nb3 Ng4 26. Nd2 Re7 27. Re1 Rbe8 28. Qa2 Kg7 29. Nc4 Qf6 30. Rce2 e4 31. dxe4 fxe4 32. Bxe4 Rxe4 33. Rxe4 Qf3 0-1

[Event "Richardson UTD Fall op"]
[Site "Richardson"]
[Date "2014.11.22"]
[Round "3"]
[White "Sarkar, Justin"]
[Black "Getz, Alec S"]
[Result "1/2-1/2"]
[WhiteElo "2391"]
[BlackElo "2309"]
[PlyCount "59"]
[EventDate "2014.11.21"]
[EventType "swiss"]
[EventRounds "9"]
[EventCountry "USA"]
[SourceTitle "CBM 163 Extra"]
[Source "ChessBase"]
[SourceDate "2014.12.23"]
[SourceVersion "1"]
[SourceVersionDate "2014.12.23"]
[SourceQuality "1"]

1. d4 Nf6 2. c4 e6 3. Nf3 b6 4. g3 Bb7 5. Bg2 Be7 6. 0-0 0-0 7. Re1 d5 8. Ne5 c5 9. dxc5 Bxc5 10. Nc3 Nbd7 11. Nxd7 Qxd7 12. cxd5 Nxd5 13. Nxd5 Bxd5 14. Bxd5 exd5 15. Qd3 Rfe8 16. Bd2 a5 17. Bc3 Rad8 18. Bd4 Qa4 19. Bxc5 bxc5 20. e3 g6 21. a3 d4 22. exd4 cxd4 23. Rxe8+ Qxe8 24. b4 axb4 25. axb4 Qc6 26. b5 Qc3 27. Qxc3 dxc3 28. Rc1 Rb8 29. Rxc3 Rxb5 30. Kg2 1/2-1/2

[Event "Pan American Intercollegiate-chT"]
[Site "Princeton"]
[Date "2012.12.30"]
[Round "6"]
[White "Flores Rios, Mauricio"]
[Black "Getz, Alec S"]
[Result "1-0"]
[WhiteElo "2488"]
[BlackElo "2353"]
[PlyCount "57"]
[EventDate "2012.12.27"]
[EventType "team-swiss"]
[EventRounds "6"]
[EventCountry "USA"]
[SourceTitle "CBM 152 Extra"]
[Source "ChessBase"]
[SourceDate "2013.02.25"]
[SourceVersion "1"]
[SourceVersionDate "2013.02.25"]
[SourceQuality "1"]
[WhiteTeam "Brownsville"]
[BlackTeam "Dallas II"]
[WhiteTeamCountry "USA"]
[BlackTeamCountry "USA"]

1. d4 Nf6 2. c4 e6 3. g3 c5 4. d5 exd5 5. cxd5 d6 6. Bg2 g6 7. Nc3 Bg7 8. Nf3 0-0 9. 0-0 a6 10. a4 Nbd7 11. h3 Nh5 12. g4 Nhf6 13. Nd2 Re8 14. f4 Rb8 15. Nc4 Nb6 16. Na3 Nbd7 17. e4 h6 18. Nc4 Nb6 19. Ne3 Nh7 20. a5 Nd7 21. Nc4 Qe7 22. e5 dxe5 23. f5 e4 24. fxg6 fxg6 25. Nxe4 Bd4+ 26. Kh1 Ne5 27. Nxe5 Bxe5 28. d6 Qg7 29. Nxc5 1-0

[Event "Pan American Intercollegiate-chT"]
[Site "Princeton"]
[Date "2012.12.28"]
[Round "2"]
[White "Getz, Alec S"]
[Black "Thompson, Nick"]
[Result "1/2-1/2"]
[WhiteElo "2353"]
[BlackElo "2111"]
[PlyCount "21"]
[EventDate "2012.12.27"]
[EventType "team-swiss"]
[EventRounds "6"]
[EventCountry "USA"]
[SourceTitle "CBM 152 Extra"]
[Source "ChessBase"]
[SourceDate "2013.02.25"]
[SourceVersion "1"]
[SourceVersionDate "2013.02.25"]
[SourceQuality "1"]
[WhiteTeam "Dallas II"]
[BlackTeam "ASU"]
[WhiteTeamCountry "USA"]
[BlackTeamCountry "USA"]

1. e4 c5 2. Nc3 Nc6 3. g3 g6 4. Bg2 Bg7 5. d3 d6 6. Be3 e6 7. Qd2 Nd4 8. Nd1 Ne7 9. c3 Ndc6 10. Bh6 0-0 11. Bxg7 1/2-1/2

[Event "Dallas UTD"]
[Site "Dallas"]
[Date "2012.11.18"]
[Round "4"]
[White "Onischuk, Alexander"]
[Black "Getz, Alec S"]
[Result "1/2-1/2"]
[WhiteElo "2676"]
[BlackElo "2316"]
[PlyCount "136"]
[EventDate "2012.11.16"]
[EventType "tourn"]
[EventRounds "9"]
[EventCountry "USA"]
[EventCategory "9"]
[SourceTitle "CBM 151 Extra"]
[Source "ChessBase"]
[SourceDate "2012.12.18"]
[SourceVersion "1"]
[SourceVersionDate "2012.12.18"]
[SourceQuality "1"]

1. d4 Nf6 2. c4 e6 3. g3 d5 4. Nf3 Bb4+ 5. Bd2 Be7 6. Bg2 0-0 7. 0-0 dxc4 8. Qa4 Bd7 9. Qxc4 Bc6 10. Nc3 Nbd7 11. Rac1 Bd6 12. Qd3 Bb4 13. Rfd1 Qe7 14. Bf4 Bxc3 15. bxc3 Be4 16. Qe3 c5 17. Bg5 Bd5 18. Ne5 cxd4 19. cxd4 Bxg2 20. Kxg2 Qd6 21. Nxd7 Qxd7 22. Bxf6 gxf6 23. Qf3 f5 24. d5 Rac8 25. Rb1 b6 26. Rb4 Rfd8 27. Rbd4 Qe7 28. e4 fxe4 29. Rxe4 Rc5 30. dxe6 Rxd1 31. exf7+ Qxf7 32. Qxd1 Qd5 33. Qg4+ Kf7 34. Qf3+ Kg6 35. h4 h5 36. a3 Qc6 37. g4 hxg4 38. Qxg4+ Kh7 39. Kh3 Qd6 40. f3 Re5 41. Rd4 Qe6 42. Rd7+ Kh6 43. Rxa7 Re3 44. Qxe6+ Rxe6 45. Kg4 Rg6+ 46. Kf5 Rg8 47. f4 Rf8+ 48. Kg4 Rg8+ 49. Kf3 Rf8 50. Ra6 Kh5 51. a4 Rc8 52. Ke4 Rc4+ 53. Ke5 Kxh4 54. f5 Kg5 55. Rxb6 Rxa4 56. Rg6+ Kh5 57. Rd6 Kg5 58. Rg6+ Kh5 59. Rg1 Ra5+ 60. Kf6 Ra6+ 61. Kg7 Ra7+ 62. Kg8 Ra8+ 63. Kg7 Ra7+ 64. Kg8 Ra8+ 65. Kh7 Rf8 66. Rf1 Kg5 67. Kg7 Rxf5 68. Rxf5+ Kxf5 1/2-1/2

[Event "Dallas UTD"]
[Site "Dallas"]
[Date "2012.11.17"]
[Round "2"]
[White "Hughes, Tyler B"]
[Black "Getz, Alec S"]
[Result "0-1"]
[WhiteElo "2289"]
[BlackElo "2316"]
[PlyCount "104"]
[EventDate "2012.11.16"]
[EventType "tourn"]
[EventRounds "9"]
[EventCountry "USA"]
[EventCategory "9"]
[SourceTitle "CBM 151 Extra"]
[Source "ChessBase"]
[SourceDate "2012.12.18"]
[SourceVersion "1"]
[SourceVersionDate "2012.12.18"]
[SourceQuality "1"]

1. e4 c5 2. Nc3 Nc6 3. f4 e6 4. Nf3 a6 5. g3 b5 6. Bg2 Bb7 7. 0-0 d6 8. d4 cxd4 9. Nxd4 Nxd4 10. Qxd4 Qc7 11. a4 d5 12. Kh1 b4 13. Nxd5 exd5 14. exd5 0-0-0 15. c4 bxc3 16. bxc3 Qc5 17. Bh3+ Kc7 18. Qxc5+ Bxc5 19. c4 a5 20. Bd2 Bb4 21. Bxb4 axb4 22. Rfb1 Nf6 23. Rxb4 Rb8 24. Rab1 Ba8 25. Rb5 Rxb5 26. axb5 Kb6 27. g4 Ne4 28. Re1 Re8 29. Kg2 Nd6 30. Rxe8 Nxe8 31. Kf3 Nd6 32. Bf1 Kc5 33. Ke3 Bb7 34. Bd3 Bc8 35. f5 Nxc4+ 36. Bxc4 Kxc4 37. Ke4 Kxb5 38. Ke5 Kc5 39. g5 g6 40. fxg6 fxg6 41. h4 Bg4 42. Kf4 Bd7 43. Ke5 Bc8 44. d6 Bd7 45. Kf6 Kxd6 46. Kg7 Bg4 47. Kxh7 Bh5 48. Kg7 Ke6 49. Kh6 Kf5 50. Kg7 Kg4 51. Kh7 Kxh4 52. Kh6 Kg4 0-1

[Event "USA-chA U20"]
[Site "Saint Louis"]
[Date "2012.07.14"]
[Round "7"]
[White "Xiong, Jeffery"]
[Black "Getz, Alec S"]
[Result "0-1"]
[WhiteElo "2206"]
[BlackElo "2321"]
[PlyCount "98"]
[EventDate "2012.07.11"]
[EventType "tourn"]
[EventRounds "7"]
[EventCountry "USA"]
[EventCategory "3"]
[SourceTitle "CBM 149 Extra"]
[Source "ChessBase"]
[SourceDate "2012.08.24"]
[SourceVersion "1"]
[SourceVersionDate "2012.08.24"]
[SourceQuality "1"]

1. e4 e5 2. Nf3 Nc6 3. Bb5 a6 4. Ba4 Nf6 5. d4 exd4 6. 0-0 Be7 7. Re1 0-0 8. Bg5 b5 9. Bb3 d6 10. Bxf6 Bxf6 11. Bd5 Bd7 12. Bxc6 Bxc6 13. Nxd4 Bb7 14. c3 Re8 15. Qd3 d5 16. e5 Bxe5 17. Nd2 c5 18. N4f3 Bf6 19. Qf5 Qd6 20. Rad1 Rxe1+ 21. Rxe1 g6 22. Qd3 Rd8 23. Qe3 Kg7 24. h3 Bc6 25. Qd3 Qf4 26. a3 h5 27. g3 Qd6 28. Kg2 a5 29. Kg1 a4 30. h4 Qb8 31. Qe3 Qd6 32. Qd3 c4 33. Qc2 d4 34. cxd4 Bxd4 35. Nxd4 Qxd4 36. Re2 Rd6 37. Qc1 Kh7 38. Qe1 c3 39. bxc3 Qxc3 40. Kh2 Qxa3 41. Ne4 Bxe4 42. Rxe4 Qd3 43. Rf4 Rd7 44. Qe8 Qd5 45. Qf8 Qe6 46. Qb8 Rd5 47. Qa7 Rf5 48. Rb4 Qe1 49. Rb2 Qc3 0-1

[Event "USA-chA U20"]
[Site "Saint Louis"]
[Date "2012.07.12"]
[Round "3"]
[White "Holt, Conrad"]
[Black "Getz, Alec S"]
[Result "1/2-1/2"]
[WhiteElo "2500"]
[BlackElo "2321"]
[PlyCount "102"]
[EventDate "2012.07.11"]
[EventType "tourn"]
[EventRounds "7"]
[EventCountry "USA"]
[EventCategory "3"]
[SourceTitle "CBM 149 Extra"]
[Source "ChessBase"]
[SourceDate "2012.08.24"]
[SourceVersion "1"]
[SourceVersionDate "2012.08.24"]
[SourceQuality "1"]

1. d4 d5 2. c4 c6 3. Nf3 e6 4. Nc3 Nd7 5. e4 dxe4 6. Nxe4 Ngf6 7. Bd3 Nxe4 8. Bxe4 Bb4+ 9. Bd2 Qa5 10. 0-0 Bxd2 11. Qxd2 Qxd2 12. Nxd2 0-0 13. Rfe1 Rd8 14. Rad1 Nf6 15. Bf3 Rxd4 16. Ne4 Rd7 17. Nc5 Rxd1 18. Rxd1 Kf8 19. Rd8+ Ne8 20. Na6 Ke7 21. Rxe8+ Kxe8 22. Nc7+ Kd7 23. Nxa8 b6 24. Kf1 Bb7 25. Nxb6+ axb6 26. Ke2 f5 27. Kd2 Ba6 28. Kc3 c5 29. h4 Kd6 30. a3 g6 31. b4 h6 32. g4 Ke5 33. h5 g5 34. Bc6 fxg4 35. bxc5 bxc5 36. a4 Kf4 37. a5 g3 38. fxg3+ Kxg3 39. Bb5 Bc8 40. a6 Bxa6 41. Bxa6 Kf2 42. Kd3 g4 43. Bc8 g3 44. Bb7 g2 45. Bxg2 Kxg2 46. Ke4 Kf2 47. Ke5 Ke3 48. Kxe6 Kd4 49. Kf6 Kxc4 50. Kg6 Kd5 51. Kxh6 Ke4 1/2-1/2

[Event "Philadelphia int op 9th"]
[Site "Philadelphia"]
[Date "2012.06.29"]
[Round "2"]
[White "Nilsson, Martin"]
[Black "Getz, Alec S"]
[Result "1/2-1/2"]
[WhiteElo "2197"]
[BlackElo "2321"]
[PlyCount "86"]
[EventDate "2012.06.29"]
[EventType "swiss"]
[EventRounds "9"]
[EventCountry "USA"]
[SourceTitle "CBM 149 Extra"]
[Source "ChessBase"]
[SourceDate "2012.08.24"]
[SourceVersion "1"]
[SourceVersionDate "2012.08.24"]
[SourceQuality "1"]

1. c4 Nf6 2. g3 e6 3. Bg2 d5 4. Nf3 dxc4 5. Qa4+ Nbd7 6. Qxc4 c5 7. 0-0 a6 8. a4 b5 9. Qc2 Bb7 10. d3 Be7 11. Nc3 b4 12. Nb1 a5 13. b3 Nd5 14. Bb2 Bf6 15. Nfd2 0-0 16. Nc4 Qc7 17. Bxf6 N7xf6 18. Rc1 Rfd8 19. Ra2 h6 20. Qd2 Qe7 21. Rac2 e5 22. Ne3 Rac8 23. Nf5 Qf8 24. h3 Kh7 25. Rc4 Rc7 26. Qb2 Re8 27. Nd2 g6 28. Nh4 Nb6 29. R4c2 Nfd5 30. Nhf3 Nc3 31. Rxc3 bxc3 32. Qxc3 Nd5 33. Qb2 f6 34. Nc4 Ra8 35. h4 h5 36. Qd2 Nb4 37. Qb2 Ra6 38. Nfd2 Bxg2 39. Kxg2 Qa8+ 40. Kh2 Qd5 41. Ne3 Qe6 42. Ne4 Rac6 43. Rc4 Kg7 1/2-1/2

[Event "World op 39th"]
[Site "Philadelphia"]
[Date "2011.07.04"]
[Round "9"]
[White "Getz, Alec S"]
[Black "Rosen, Eric S"]
[Result "1-0"]
[WhiteElo "2292"]
[BlackElo "2216"]
[PlyCount "69"]
[EventDate "2011.06.30"]
[EventType "swiss"]
[EventRounds "9"]
[EventCountry "USA"]
[SourceTitle "CBM 143 Extra"]
[Source "ChessBase"]
[SourceDate "2011.08.29"]
[SourceVersion "1"]
[SourceVersionDate "2011.08.29"]
[SourceQuality "1"]

1. e4 c5 2. Nf3 Nc6 3. Bb5 e6 4. a3 g6 5. 0-0 Bg7 6. Re1 Nge7 7. Nc3 0-0 8. b4 cxb4 9. axb4 d5 10. Bxc6 Nxc6 11. b5 dxe4 12. Nxe4 Bxa1 13. c3 Bxc3 14. dxc3 Qxd1 15. Rxd1 Rd8 16. Nd6 Nb8 17. Bg5 Rxd6 18. Rxd6 Nd7 19. Bh6 f6 20. Rxe6 Kf7 21. Rd6 Nb6 22. Be3 Nc4 23. Rd8 a5 24. bxa6 bxa6 25. Bc5 a5 26. Nd4 a4 27. Rf8+ Kg7 28. Ne6+ Kh6 29. g4 f5 30. Rh8 g5 31. Rg8 fxg4 32. Bf8+ Kh5 33. Rxg5+ Kh4 34. Be7 Ra7 35. Nf4 1-0

[Event "World op 39th"]
[Site "Philadelphia"]
[Date "2011.07.03"]
[Round "6"]
[White "Wang, Kevin A"]
[Black "Getz, Alec S"]
[Result "1/2-1/2"]
[WhiteElo "2186"]
[BlackElo "2292"]
[PlyCount "113"]
[EventDate "2011.06.30"]
[EventType "swiss"]
[EventRounds "9"]
[EventCountry "USA"]
[SourceTitle "CBM 143 Extra"]
[Source "ChessBase"]
[SourceDate "2011.08.29"]
[SourceVersion "1"]
[SourceVersionDate "2011.08.29"]
[SourceQuality "1"]

1. d4 Nf6 2. Nf3 g6 3. c4 Bg7 4. g3 0-0 5. Bg2 d6 6. 0-0 Nc6 7. Nc3 a6 8. b3 Bf5 9. Bb2 Ne4 10. Nxe4 Bxe4 11. Qd2 d5 12. Rfd1 Qd6 13. Rac1 Rad8 14. cxd5 Bxd5 15. e3 h6 16. Rc5 Be4 17. Qe2 Rfe8 18. Nd2 Bxg2 19. Kxg2 Na7 20. Ne4 Qe6 21. Qf3 c6 22. Rcc1 Nb5 23. Nc5 Qc8 24. h4 h5 25. Nd3 Nc7 26. Nf4 Ne6 27. Ba3 Nxf4+ 28. Qxf4 Qg4 29. Qxg4 hxg4 30. Bc5 e6 31. Rh1 e5 32. Bb6 Rd5 33. dxe5 Rd2 34. Rhd1 Rxa2 35. Rd7 Bxe5 36. Rxb7 Re6 37. e4 Rb2 38. Bc5 Rf6 39. Rd1 Rf3 40. Re7 Bf6 41. Re8+ Kh7 42. Rd7 Bg7 43. e5 Rf5 44. Ree7 Bxe5 45. Rxf7+ Rxf7 46. Rxf7+ Kg8 47. Rf8+ Kg7 48. b4 Rd2 49. Rc8 Bd4 50. Bxd4+ Rxd4 51. Rxc6 Rxb4 52. Rxa6 Kh6 53. Rf6 Rb5 54. Kf1 Kh5 55. Rf8 Kh6 56. Ke2 Re5+ 57. Kd3 1/2-1/2

[Event "World op 39th"]
[Site "Philadelphia"]
[Date "2011.07.01"]
[Round "3"]
[White "Getz, Alec S"]
[Black "Gokhale, Chandrashekhar"]
[Result "1-0"]
[WhiteElo "2292"]
[BlackElo "2268"]
[PlyCount "95"]
[EventDate "2011.06.30"]
[EventType "swiss"]
[EventRounds "9"]
[EventCountry "USA"]
[SourceTitle "CBM 143 Extra"]
[Source "ChessBase"]
[SourceDate "2011.08.29"]
[SourceVersion "1"]
[SourceVersionDate "2011.08.29"]
[SourceQuality "1"]

1. Nf3 d6 2. d4 Nd7 3. e4 e5 4. Bc4 c6 5. 0-0 Be7 6. Re1 Ngf6 7. Bb3 0-0 8. c4 b6 9. Nc3 Qc7 10. Bc2 Re8 11. b3 Nf8 12. d5 Ng6 13. dxc6 Qxc6 14. Nd5 Nxd5 15. exd5 Qc7 16. Ng5 Bxg5 17. Bxg5 Bd7 18. a4 a6 19. Bd2 f5 20. Rc1 a5 21. f3 f4 22. Be4 Qc5+ 23. Kh1 Nh4 24. Qc2 g6 25. Bc3 Nf5 26. Qd3 Rac8 27. Re2 Kf7 28. Rg1 h5 29. g3 fxg3 30. hxg3 Rh8 31. Kh2 Rcg8 32. Be1 Qd4 33. Bf2 Qxd3 34. Bxd3 Rb8 35. Rge1 Ne7 36. f4 Bg4 37. Re3 Nf5 38. fxe5 Nxe3 39. e6+ Ke7 40. Bxe3 Bf5 41. Bxf5 gxf5 42. Bg5+ Ke8 43. Rf1 Rf8 44. Bh6 Rf6 45. Bf4 Rb7 46. Bxd6 Rh7 47. Rf4 h4 48. g4 1-0

[Event "USA-ch U20"]
[Site "Saint Louis"]
[Date "2011.06.22"]
[Round "6"]
[White "Bryant, John Daniel"]
[Black "Getz, Alec S"]
[Result "0-1"]
[WhiteElo "2413"]
[BlackElo "2292"]
[PlyCount "110"]
[EventDate "2011.06.16"]
[EventType "tourn"]
[EventRounds "9"]
[EventCountry "USA"]
[EventCategory "3"]
[SourceTitle "CBM 143 Extra"]
[Source "ChessBase"]
[SourceDate "2011.08.29"]
[SourceVersion "1"]
[SourceVersionDate "2011.08.29"]
[SourceQuality "1"]

1. e4 d5 2. exd5 Qxd5 3. Nc3 Qa5 4. d4 c6 5. Bc4 Nf6 6. Bd2 Bf5 7. Nd5 Qd8 8. Nxf6+ gxf6 9. c3 e6 10. Nf3 Nd7 11. Nh4 Bg6 12. Qe2 Nb6 13. Bb3 Qc7 14. f4 f5 15. g3 0-0-0 16. a4 Nd5 17. a5 Be7 18. Ng2 Nf6 19. a6 b6 20. 0-0 Bh5 21. Qc4 Ne4 22. Be3 Bg4 23. Bc2 h5 24. Bxe4 fxe4 25. f5 Bxf5 26. Rxf5 exf5 27. Rf1 Bd6 28. Rxf5 Rd7 29. d5 Bc5 30. dxc6 Rd1+ 31. Kf2 Rhd8 32. Rxc5 bxc5 33. Qxc5 R1d5 34. Qc4 Rd2+ 35. Kf1 Rxb2 36. Qxe4 Qa5 37. Ne1 Qd5 38. Qxd5 Rxd5 39. Bxa7 Rf5+ 40. Kg1 Ra5 41. Bf2 Rxa6 42. Nd3 Rd2 43. Nf4 Raa2 44. Nh3 Rac2 45. Kg2 Rxc3 46. Nf4 Rcc2 47. Nh3 Kc7 48. Kf3 Kxc6 49. Bg1 Kd6 50. Kf4 Rxh2 51. Bxh2 Rxh2 52. Ng5 Ke7 53. Ne4 h4 54. g4 Rg2 55. Kf3 Rg1 0-1